| 000 | 00433nam a2200157 a 4500 | ||
|---|---|---|---|
| 005 | 20140414093841.0 | ||
| 008 | 071009s19uu xx uuu eng d | ||
| 050 |
_aVCD 570 _bFUJ 1996 |
||
| 100 | _aFujisawa, Tsukasa | ||
| 245 |
_aPlanet of life : _bapes to man / _cProducer: Tsukasa Fujisawa. |
||
| 260 |
_aSl : _bDiscovery, _cc1996. |
||
| 300 | _a1 video disk | ||
| 650 | _aFilm (documentary). | ||
| 942 | _cAVM | ||
| 999 |
_c109287 _d109287 |
||